000 00641nam a2200241Ia 4500
003 OSt
005 20220918210006.0
006 a|||||r|||| 00| 0
007 ta
008 220917b |||||||| |||| 00| 0 eng d
024 _a118,705
037 _cTextual
040 _aARTS
_cARTS
_beng
041 _2eng
_aeng
082 _aV656:1:N5, K1
100 _aSimpson C L
_9116777
245 0 _aMemoirs
_b Symbol of Liberia
260 _aLondon
_bDiplomatic Press and Publishiong Company
_c1961
300 _a293p.
_ccm.
650 _aHISTORY
942 _hV656:1:N5, K1
_cTEXL
_2CC
999 _c241974
_d241974